El gasto público social en la Argentina (Registro nro. 4009)

Detalles MARC
000 -LEADER
fixed length control field 01318 a2200241 4500
001 - CONTROL NUMBER
control field 45789
005 - DATE AND TIME OF LATEST TRANSACTION
control field 20260407155729.0
008 - FIXED-LENGTH DATA ELEMENTS--GENERAL INFORMATION
fixed length control field 260407a2003 arg spa d
003 - CONTROL NUMBER IDENTIFIER
control field AR-UNSa-BCEJYS
040 ## - CATALOGING SOURCE
Original cataloging agency AR-UNSa-BCEJYS
Language of cataloging spa
Transcribing agency AR-UNSa-BCEJYS
080 ## - UNIVERSAL DECIMAL CLASSIFICATION NUMBER
Universal Decimal Classification number 336.5
Common auxiliary subdivision Gasto público. Gastos del estado
020 ## - INTERNATIONAL STANDARD BOOK NUMBER
International Standard Book Number 987-1151-02-0
041 ## - LANGUAGE CODE
Language code of text/sound track or separate title spa
100 1# - MAIN ENTRY--PERSONAL NAME
Personal name Bonari, Damián
245 10 - TITLE STATEMENT
Title El gasto público social en la Argentina
Name of part/section of a work diagnóstico y perspectivas
264 #1 - PRODUCTION, PUBLICATION, DISTRIBUTION, MANUFACTURE, AND COPYRIGHT NOTICE
Place of production, publication, distribution, manufacture Córdoba :
Name of producer, publisher, distributor, manufacturer Fundación Arcor
Date of production, publication, distribution, manufacture, or copyright notice 2003
300 ## - PHYSICAL DESCRIPTION
Extent 198 p.
Dimensions 23 cm.
505 ## - FORMATTED CONTENTS NOTE
Formatted contents note 1. El rol del Estado en la política social – 2. Evolución y características del gasto público social en la Argentina – 3. Impacto distributivo del gasto público social - 3. Impacto distributivo del gasto público social – 4. La eficiencia del gasto social – 5. La descentralización del gasto público social – 6. Evaluación de programas sociales – 7. Focalización de programas sociales – 8. Economía política del gasto público social – 9. El rol de las organizaciones de la sociedad civil en las políticas públicas -
590 ## - LOCAL NOTE (RLIN)
Local note niveau_biblio:m niveau_hierar:0
700 1# - ADDED ENTRY--PERSONAL NAME
Personal name Bertranou, Evelina
856 41 - ELECTRONIC LOCATION AND ACCESS
Uniform Resource Identifier <a href="https://www.biblioeco.unsa.edu.ar/pmb/images/libros/L127192.jpg">https://www.biblioeco.unsa.edu.ar/pmb/images/libros/L127192.jpg</a>
Link text Imagen de portada
Electronic format type image/jpeg
942 ## - ADDED ENTRY ELEMENTS (KOHA)
Koha item type
Existencias
Withdrawn status Lost status Damaged status Not for loan Home library Current library Shelving location Date acquired Total checkouts Full call number Barcode Date last seen Price effective from Koha item type
        Biblioteca Prof. Eusebio Cleto del Rey Biblioteca Prof. Eusebio Cleto del Rey   07/04/2026   336.5 B548 L127192 07/04/2026 07/04/2026 Libro